| 000 | 00656cam a22002172 4500 | ||
|---|---|---|---|
| 001 | 0000008626 | ||
| 005 | 20151217152038.0 | ||
| 008 | 080507s xx 000 0 eng d | ||
| 020 |
_a0789734044 : _cKES 1895 |
||
| 040 |
_aKABU _cKABU |
||
| 100 | 1 |
_aMueller, Scott. _@0000160593 |
|
| 245 | 1 | 0 |
_aUpgrading and repairing PCs / _cScott Mueller. |
| 250 | _a17th ed. | ||
| 260 |
_aIndianapolis, IN : _bQue, _c2006. |
||
| 300 | _a1582 p. | ||
| 650 | 0 |
_aMicrocomputers _xMaintenance and repairs. _@0000160594 |
|
| 650 | 0 |
_aMicrocomputers _xUpgrading. _@0000156435 |
|
| 908 | _a080507 | ||
| 950 | _@1 | ||
| 999 |
_c7659 _d7659 |
||